Cities of the Top 50 U.S. Universities - Statistics

General Stats
  • This quiz has been taken 34 times
  • The average score is 34 of 50
Answer Stats
University City % Correct
Chicago Chicago
97%
UCLA Los Angeles
97%
Boston College Boston
94%
NYU New York
94%
Boston University Boston
90%
Michigan Ann Arbor
87%
UC Davis Davis
87%
UC Irvine Irvine
87%
UC San Diego San Diego
87%
UC Santa Barbara Santa Barbara
87%
Harvard Cambridge
84%
University of Pennsylvania Philadelphia
84%
Texas Austin
81%
Ohio State Columbus
81%
Yale New Haven
81%
Princeton Princeton
81%
Rochester Rochester
81%
Johns Hopkins Baltimore
77%
Berkeley Berkeley
77%
Wisconsin Madison
77%
Vanderbilt Nashville
77%
Georgia Tech Atlanta
74%
MIT Cambridge
74%
Columbia New York
74%
USC Los Angeles
71%
North Carolina Chapel Hill
68%
Cornell Ithaca
68%
Brown Providence
68%
Georgetown Washington, DC
68%
Duke Durham
65%
Illinois Champaign
61%
Florida Gainesville
61%
Washington Seattle
61%
WashU St. Louis
61%
Northwestern Evanston
58%
Rice Houston
58%
Stanford Palo Alto
58%
Carnegie Mellon Pittsburgh
58%
Virginia Charlottesville
55%
Notre Dame South Bend
55%
Georgia Athens
52%
Northeastern Boston
52%
Emory Atlanta
48%
Maryland College Park
45%
Caltech Pasadena
45%
Purdue West Lafayette
42%
Dartmouth Hanover
39%
Rutgers New Brunswick
39%
Lehigh Bethlehem
26%
Tufts Medford
23%
No matching quizzes found
Score Distribution
Percent of People with Each Score
Percentile by Number Answered
Your Score History
You have not taken this quiz